| 000 | 00608nam a2200241 a 4500 | ||
|---|---|---|---|
| 001 | nice12345678 | ||
| 003 | IN_TiNIC | ||
| 005 | 20260116012301.0 | ||
| 008 | 050524s1990 losa grp 000 0 eng | ||
| 020 |
_a0874774 _c367.5 |
||
| 082 | 0 | 0 |
_a154.2 _bLAS |
| 100 | _aLaski, Marghanita | ||
| 245 | _aEcstasy in Secular and Religious Experiences | ||
| 260 |
_aLos Angeles _bJeremy P Tarcher Inc _c1990 |
||
| 300 | _a544p | ||
| 500 | _aincludes index and biblioraphy | ||
| 505 | 2 | _aIndex | |
| 650 | _aEcstasy | ||
| 700 | 1 | _aLaski, Marghanita | |
| 902 | _bSRS | ||
| 942 | _cBK | ||
| 999 |
_c6384 _d6384 |
||